00544nam a22002057a 450000500170000001000130001702000210003003500130005103700160006404000120008008200110009210000180010324500660012126000340018727000270022130000220024865000230027065000230029370000220031620170124110241.0 aB-078825 c00.00a057121651 aB-078825 bCen Lib/Ret aDPLbEN aNbGRA aGrass, Gunter aCrabwalk /cby Gunter Grass ; translated by Krishna Winston  aLondonbFaber and Faberc2002 a3 Queen SquarebLondon a233p. b22cm(pbk) aHistorical fiction aGermany -- Fiction aWinston, Krishna